Представление документа в формате RUSMARC

ПолеНазваниеЗначение
  Тип записи a
  Библиографический уровень m
001 Контрольный номер RU/IS/BASE/416336288
005 Дата корректировки 20201206204846.0
010 Индекс ISBN __
a ISBN 978-5-9533-4413-5
d Цена 233-31
101 Язык документа 0_
a Язык текста rus
200 Заглавие и сведения об ответственности 1_
a Заглавие Сто великих футболистов
f Первые сведения об ответственности В. И. Малов
b Общее обозначение материала Текст
210 Выходные данные __
a Место издания М.
c Издательство Вече
d Дата издания 2012
215 Физическое описание __
a Объем 430, [1] с.
c Иллюстрации/тип воспроизводства фот.
225 Серия __
a Серия 100 великих
330 Аннотация __
a Аннотация Футбол - одна из самых популярных спортивных игр в мире. Потому неудивительно, что история его интересует очень многих. Несмотря на то, что зарождение игры уходит в глубокую древность, подлинно всемирная любовь к футболу возникла только в XX веке. Рассказ о ста великих футболистах - это повествование о самых увлекательных и интригующих событиях футбольного мира XX столетия. Диди, Гарринча, Пеле, Бобби Мур, Эйсебио, Роберто Ривелино, Уго Санчес, Роберто Баджо, Зинедин Зидан, Луиш Фигу, Роналдо - многие герои книги хорошо известны любителям футбола, но, несмотря на это, читатели в ней найдут немало нового, неожиданного и интересного.
517 Другие варианты заглавия __
a Другие варианты заглавия 100 великих футболистов
606 Тематические рубрики __
a Основная рубрика Физическая культура и спорт
606 Тематические рубрики __
a Основная рубрика Спортивные игры
610 Ключевые слова __
a Ключевые слова футболисты; вратари; футбол; спортсмены; тренеры; персоналии; биографии; история футбола
686 Индексы других классификаций __
a Классификационный индекс ст75.578г
700 Автор _1
a Фамилия Малов
b Имя В. И.
g Полное личное имя Владимир Игоревич
4 Код отношения 070
801 Источник записи _0
a Страна RU
b Организация Муниципальное бюджетное учреждение культуры "Централизованная библиотечная система" г. Сургут (Центральная городская библиотека им. А. С. Пушкина)
g Правила каталогизации КиК/Лукашук
801 Источник записи _1
a Страна RU
b Организация Муниципальное бюджетное учреждение культуры "Централизованная библиотечная система" г. Сургут (Центральная городская библиотека им. А. С. Пушкина)
g Правила каталогизации КиК/Лукашук
852 Данные о местонахождении __
j Шифр хранения ст75.578г
i Авторский знак М 19
901 Тип документа __
t Тип документа m
903 Характеристики (МАРС) __
a Дата передачи 20130311
969 Тип издания __
a Тип издания научно-популярное издание
990 Данные о заказе (DOS) __
j Количество экземпляров (DOS) 1
t N записи в КСУ для И/У (DOS) 201303